000 00833nam a22002177a 4500
003 OSt
005 20241129124912.0
008 241129b |||||||| |||| 00| 0 eng d
020 _a9780406851024
040 _cCentral University Library
245 _aThe All England Law Reports 1972 Vol. 1
_cEditor: Paul H Niekirk MA; R N G Harrison BA
260 _aLondon, United Kingdom
_bButterworth & Co. (Publishers) Ltd.
_c1972
300 _al, 1248 pages
_c23.5 cm
490 _3Law Reports
500 _aTHE ALL ENGLAND LAW REPORTS - 1972 VOLUME 1.
600 _2Law Reports
_xEngland
700 _aPaul H Niekirk MA (of Gray's Inn, Barrister)
_eConsulting Editor
700 _aR N G Harrison BA (of Lincoln's Inn, Barrister)
_eEditor
700 _aChristine Ivamy MA (of Gray's Inn, Barrister)
_eAssistant Editor
942 _2lcc
_cBK
_n0
999 _c1753
_d1753